[Event "chess.com Junior Speed Q"]
[Site "chess.com INT"]
[Date "2020.09.09"]
[Round "3.5"]
[White "Tang, Andrew"]
[Black "Shevchenko, Kirill"]
[Result "1-0"]
[WhiteTitle "GM"]
[BlackTitle "GM"]
[WhiteElo "2538"]
[BlackElo "2592"]
[WhiteFideId "2059630"]
[BlackFideId "14129574"]
[EventDate "2020.09.09"]

1. d4 Nf6 2. c4 g6 3. f3 c5 4. d5 e6 5. e4 d6 6. Nc3 Bg7 7. Nge2 a6 8. a4 exd5
9. cxd5 Nbd7 10. Ng3 h5 11. Be2 Nh7 12. Be3 O-O 13. O-O Rb8 14. Qd2 Re8 15. Nh1
Qe7 16. Nf2 f5 17. Bh6 Nhf6 18. Bxg7 Qxg7 19. exf5 gxf5 20. Nh3 Ne5 21. f4 Neg4
22. Ng5 Ne4 23. Ncxe4 fxe4 24. Ne6 Bxe6 25. dxe6 Rbd8 26. Bxg4 hxg4 27. f5 Rf8
28. Qd5 Rf6 29. e7+ 1-0

[Event "chess.com Junior Speed Q"]
[Site "chess.com INT"]
[Date "2020.09.09"]
[Round "3.6"]
[White "Shevchenko, Kirill"]
[Black "Tang, Andrew"]
[Result "0-1"]
[WhiteTitle "GM"]
[BlackTitle "GM"]
[WhiteElo "2592"]
[BlackElo "2538"]
[WhiteFideId "14129574"]
[BlackFideId "2059630"]
[EventDate "2020.09.09"]

1. e4 e5 2. Nf3 Nc6 3. Bb5 g6 4. c3 a6 5. Bxc6 dxc6 6. d4 exd4 7. cxd4 Bg7 8. h3
Ne7 9. Nc3 O-O 10. O-O h6 11. Bf4 g5 12. Be5 g4 13. hxg4 Bxg4 14. Bxg7 Kxg7 15.
d5 Rg8 16. Qd3 Kh7 17. Ne5 Qd6 18. f4 cxd5 19. Nxd5 Bh5 20. Qh3 Nxd5 21. Qxh5
Nf6 0-1

[Event "chess.com Junior Speed Q"]
[Site "chess.com INT"]
[Date "2020.09.09"]
[Round "3.7"]
[White "Tang, Andrew"]
[Black "Shevchenko, Kirill"]
[Result "0-1"]
[WhiteTitle "GM"]
[BlackTitle "GM"]
[WhiteElo "2538"]
[BlackElo "2592"]
[WhiteFideId "2059630"]
[BlackFideId "14129574"]
[EventDate "2020.09.09"]

1. d4 d6 2. Nc3 Nf6 3. Nf3 Bf5 4. Nh4 Bd7 5. e4 e5 6. Nf3 exd4 7. Nxd4 g6 8. Bg5
Bg7 9. Qd2 Nc6 10. O-O-O h6 11. Bh4 g5 12. Nxc6 bxc6 13. Bg3 Nh5 14. Bc4 Be6 15.
Bxe6 fxe6 16. e5 Nxg3 17. hxg3 Bxe5 18. f4 Bg7 19. f5 exf5 20. Rde1+ Kd7 21. Qd3
Qf6 22. g4 Rhf8 23. Rhf1 Rae8 24. gxf5 Rxe1+ 25. Rxe1 Qxf5 26. Qe3 Qf4 27. Nd1
Bd4 28. Qxf4 Rxf4 29. c3 Bb6 30. Re2 h5 31. Kd2 h4 32. Ne3 Bxe3+ 33. Kxe3 c5 34.
Kd3 c4+ 35. Ke3 d5 36. b3 Re4+ 0-1

[Event "chess.com Junior Speed Q"]
[Site "chess.com INT"]
[Date "2020.09.09"]
[Round "3.8"]
[White "Shevchenko, Kirill"]
[Black "Tang, Andrew"]
[Result "0-1"]
[WhiteTitle "GM"]
[BlackTitle "GM"]
[WhiteElo "2592"]
[BlackElo "2538"]
[WhiteFideId "14129574"]
[BlackFideId "2059630"]
[EventDate "2020.09.09"]

1. e4 e6 2. d4 d5 3. e5 c5 4. c3 Qb6 5. Nf3 Bd7 6. Be2 Bb5 7. c4 Bxc4 8. Bxc4
dxc4 9. d5 exd5 10. Qxd5 Ne7 11. Qxc4 Qa6 12. Na3 Qxc4 13. Nxc4 Nd5 14. O-O Nc6
15. Rd1 O-O-O 16. Bg5 Rd7 17. Rd2 h6 18. Bh4 b5 19. Rad1 bxc4 20. Rxd5 Rxd5 21.
Rxd5 g5 22. Bg3 Nb4 23. Rd1 Be7 24. a3 Nd3 25. Rd2 Rd8 26. Kf1 g4 27. Ne1 Bg5
28. Rc2 Rd4 29. h4 gxh3 30. Nf3 hxg2+ 31. Kxg2 Re4 32. Ng1 Ne1+ 0-1

[Event "chess.com Junior Speed Q"]
[Site "chess.com INT"]
[Date "2020.09.09"]
[Round "3.9"]
[White "Tang, Andrew"]
[Black "Shevchenko, Kirill"]
[Result "1-0"]
[WhiteTitle "GM"]
[BlackTitle "GM"]
[WhiteElo "2538"]
[BlackElo "2592"]
[WhiteFideId "2059630"]
[BlackFideId "14129574"]
[EventDate "2020.09.09"]

1. d4 d6 2. c4 e5 3. Nf3 e4 4. Ng5 f5 5. Nc3 Nf6 6. g3 Be7 7. Bg2 O-O 8. O-O Nc6
9. d5 Ne5 10. b3 Qe8 11. f4 Nf7 12. Nb5 Bd8 13. Nxf7 Qxf7 14. Bb2 Bd7 15. Nc3
Ng4 16. Qd2 c6 17. e3 Nxe3 18. Rfe1 Ng4 19. h3 Bb6+ 20. Kh1 e3 21. Qe2 Nf2+ 22.
Kh2 Rae8 23. a3 Bd4 24. Nd1 Bxb2 25. Nxb2 c5 26. Nd1 Nxd1 27. Raxd1 Re7 28. Rd3
Rfe8 29. Qf3 b5 30. Rdxe3 Rxe3 31. Rxe3 bxc4 32. bxc4 Qf6 33. Rxe8+ Bxe8 34. Qb3
Kf8 35. Qb8 Qe7 36. Bf3 g6 37. Kg2 Kf7 38. g4 Kg7 39. g5 Ba4 40. Kf2 Be8 41. h4
h6 42. Be2 hxg5 43. hxg5 a6 44. Bd3 Ba4 45. Qb6 Bd1 46. Qxa6 Kf7 47. Qb6 Qd7 48.
Qb2 Qe7 49. Qh8 Qf8 50. Qf6+ Ke8 51. Qxg6+ Kd8 52. Qxf5 Qh8 53. Qf6+ 1-0

[Event "chess.com Junior Speed Q"]
[Site "chess.com INT"]
[Date "2020.09.09"]
[Round "3.10"]
[White "Shevchenko, Kirill"]
[Black "Tang, Andrew"]
[Result "1-0"]
[WhiteTitle "GM"]
[BlackTitle "GM"]
[WhiteElo "2592"]
[BlackElo "2538"]
[WhiteFideId "14129574"]
[BlackFideId "2059630"]
[EventDate "2020.09.09"]

1. e4 e5 2. Nf3 Nc6 3. Bb5 a6 4. Ba4 Nf6 5. Nc3 Be7 6. d3 d6 7. h3 b5 8. Bb3 Na5
9. Nd5 Nxb3 10. Nxf6+ Bxf6 11. axb3 O-O 12. Be3 d5 13. Bc5 Re8 14. O-O Bb7 15.
Qe2 Qd7 16. Rfe1 a5 17. b4 axb4 18. Bxb4 Ra4 19. Rxa4 bxa4 20. Nd2 Qb5 21. Ba3
Bg5 22. exd5 Qxd5 23. Ne4 f5 24. Qh5 Qc6 25. Qxg5 fxe4 26. Rxe4 h6 27. Qd2 h5
28. f3 Qg6 29. Re3 Bc8 30. Kh2 h4 31. Qf2 Qf6 32. Re4 Bd7 33. Qxh4 Qxh4 34. Rxh4
Kf7 35. Rc4 Rc8 36. Rc5 Ke6 37. Bb4 Kf6 38. Bc3 1-0

[Event "chess.com Junior Speed Q"]
[Site "chess.com INT"]
[Date "2020.09.09"]
[Round "3.11"]
[White "Tang, Andrew"]
[Black "Shevchenko, Kirill"]
[Result "1-0"]
[WhiteTitle "GM"]
[BlackTitle "GM"]
[WhiteElo "2538"]
[BlackElo "2592"]
[WhiteFideId "2059630"]
[BlackFideId "14129574"]
[EventDate "2020.09.09"]

1. d4 d6 2. c4 e5 3. Nf3 e4 4. Ng5 f5 5. Nc3 Be7 6. Nh3 Nf6 7. g3 O-O 8. Bg2 Nc6
9. O-O Qe8 10. b3 Nd8 11. Bb2 c6 12. d5 c5 13. f3 Nf7 14. Nf2 e3 15. Nd3 Bd8 16.
Qc1 a6 17. Nd1 b5 18. Qxe3 Qd7 19. Qd2 Re8 20. N1f2 Rb8 21. e4 fxe4 22. Nxe4
bxc4 23. bxc4 Nxe4 24. fxe4 Bg5 25. Qc2 Qe7 26. Rae1 Bd7 27. e5 dxe5 28. Nxe5
Nxe5 29. Bxe5 Qxe5 30. Rxe5 Rxe5 31. d6 Rbe8 32. Bd5+ Kh8 33. Kh1 Bh3 34. Bg2
Re2 35. Qxe2 Rxe2 36. Rf8# 1-0

[Event "chess.com Junior Speed Q"]
[Site "chess.com INT"]
[Date "2020.09.09"]
[Round "3.12"]
[White "Shevchenko, Kirill"]
[Black "Tang, Andrew"]
[Result "0-1"]
[WhiteTitle "GM"]
[BlackTitle "GM"]
[WhiteElo "2592"]
[BlackElo "2538"]
[WhiteFideId "14129574"]
[BlackFideId "2059630"]
[EventDate "2020.09.09"]

1. e4 d6 2. d4 Nf6 3. Nc3 e5 4. Nf3 Nbd7 5. Bc4 Be7 6. a4 c6 7. O-O O-O 8. Re1
h6 9. h3 Re8 10. Be3 Nxe4 11. Nxe4 d5 12. Ned2 exd4 13. Bxd4 dxc4 14. Nxc4 Nf8
15. Qd3 Be6 16. Rad1 Qd5 17. Ne3 Qa5 18. Bc3 Qxa4 19. Nf5 Bxf5 20. Qxf5 Ng6 21.
Rd7 Qb5 22. Qg4 Bf8 23. Red1 Re7 24. h4 Rae8 25. h5 Rxd7 26. Rxd7 Ne7 27. Ne5
Qa6 28. Qf3 Qa2 29. b3 f6 30. Ng4 Qb1+ 31. Kh2 Nd5 32. Bxf6 Qxc2 33. Nxh6+ Kh7
34. Ng4 Qe4 35. Qg3 Qf5 36. Qh4 Qxd7 37. Bd4 Qf5 38. h6 g5 39. Qh5 Qg6 40. Qh3
Bd6+ 41. g3 Rf8 42. Kg2 Be7 43. Ne5 Qf5 44. g4 Qe4+ 45. Kg1 Qxd4 46. Nf3 Qd1+
47. Kh2 Qxf3 0-1

[Event "chess.com Junior Speed Q"]
[Site "chess.com INT"]
[Date "2020.09.09"]
[Round "3.13"]
[White "Tang, Andrew"]
[Black "Shevchenko, Kirill"]
[Result "1-0"]
[WhiteTitle "GM"]
[BlackTitle "GM"]
[WhiteElo "2538"]
[BlackElo "2592"]
[WhiteFideId "2059630"]
[BlackFideId "14129574"]
[EventDate "2020.09.09"]

1. d4 Nf6 2. c4 g6 3. f3 d5 4. cxd5 c6 5. e4 cxd5 6. e5 Nfd7 7. Nc3 Nb6 8. h4 h6
9. Be3 Nc6 10. Qd2 Bg7 11. Nh3 Bxh3 12. Rxh3 e6 13. h5 g5 14. f4 gxf4 15. Bxf4
Nc4 16. Bxc4 dxc4 17. O-O-O Nb4 18. Rg3 Bf8 19. Kb1 Nd3 20. Rxd3 cxd3 21. Qxd3
Be7 22. d5 exd5 23. Nxd5 Kf8 24. e6 fxe6 25. Qg6 exd5 26. Rf1 Bf6 27. Bxh6+ Rxh6
28. Qxh6+ Kf7 29. Qg6+ Ke6 30. g4 d4 31. g5 Kd5 32. Rxf6 Qe7 33. Qf5+ Qe5 34.
Qd7+ Ke4 35. Qxb7+ Ke3 36. Qxa8 d3 37. Qf3+ Kd4 38. Qf4+ Kc5 39. Qxe5+ 1-0